000 01561aam a2200349 i 4500
001 768714001
003 CO-MdFUSB
005 20211203114055.0
007 ta
008 211203t1982 sp |||| |||| 00| 0 spa d
020 _a8420627305
040 _bspa.
_aCO-MdFUSB
_cCO-MdFUSB
_dCO-MdFUSBC
_erda
041 _aspa
_hger
082 0 4 _a284.1092
_223
_bO125u
100 1 _aOberman, Heiko A.
_eautor
240 _aLuther : Mensch zwischen Gott und Teufel
245 1 0 _aLutero :
_bun hombre entre Dios y el diablo
_c/ Heiko A. Oberman ; traducido por José Luis Gil Aristu
264 1 _aMadrid, España :
_bAlianza Editorial,
_c[1982]
264 4 _c© 1982
300 _a414 páginas
_c; 20 cm
336 _atexto
_btxt
_2rdacontent
337 _2rdamedia
_asin mediación
_bn
338 _2rdacarrier
_avolumen
_bnc
505 _tPrimera parte. La ansiada Reforma
_aUn acontecimiento alemán. -- Un acontecimiento medieval. -- Un acontecimiento primigenio.
505 _tSegunda parte. La reforma inesperada
_aEn el camino hacia Wittenberg: Decisiones antes de la Reforma. -- La irrupción de la Reforma. -- El reformador impugnado.
505 _tTercera parte. La Reforma amenazada.
_aUna vida entre Dios y el diablo. -- Discordias en la Reforma. -- La cristiandad entre Dios y el diablo. -- Alegría matrimonial y paz mundial: a pesar del diablo. -- La persona y sus hechos.
563 _aRústico
650 0 _9958
_aReforma de la iglesia
700 _95937
_aGil Aristu, José Luis. ‎
_etraductor
942 _cBK
945 _aJTF-925
999 _c38906
_d38906